00333nam a2200133Ia 4500100002300000650001400023366000700037654001400044245006200058260003300120082001600153300000700169546002300176 aKrishnamurthy/A.G  aBiography f20 adhirubhai aDhirubhaism:Remarkable work philosopy of Dhirubhai Ambani bTata Mc Graw hill Ltd.c2007 a808.83bKRI a96 aENGLISHcComputers